000 00809nas a2200277 4500
001 BR2018001032
003 BR-BrBNA
005 20231205131328.0
007 ta
008 230509b bl.|||p| |||| 00| 00por d
040 _aBR-BrBNA
_bpor
_cBiblioteca Nacional de Agricultura
041 _a(Pt)
072 _aL73
100 1 _aCamolese, L.C.
100 1 _aFriolane, M.
100 1 _aWouk, A.F.P. de F.
245 1 _aEmprego de membrana amniótica heteróloga na reconstrução da superfície ocular de cão
650 _aCÃO
650 _aDOENÇA ANIMAL
650 _aÚLCERA
650 _aOLHO
650 _aCIRURGIA
773 0 _tRevista CFMV (Brazil)
_xISSN 1517-6959
_g(Oct-Dec 2017), v. 23(75) p. 74-78
_wBR2018001032
909 _a202311
_bLúcia
_c55
_dLúcia Elande
942 _2AGRIS
_n0
_cANA
999 _c254216
_d254216